000 00456nam a2200157 i 4500
001 87470
003 ES-MaACL
005 20230906175658.0
007 t|
008 041222s1927 xxu ||||1| eng d
100 1 _aKretschmer, Herman L.
_968818
245 1 0 _aPreoperative diagnosis of horseshoe kidney /
_cHerman L. Kretschmer.
260 _aChicago :
_bAmerican Medical Association,
_c1927.
300 _a12 p. ;
_c22 cm.
852 _aES-MaACL
_j1714-F-21
999 _c87470
_d87470